000 00498cam a2200181 a 4500
020 _a0804711488
040 _cDLC
082 0 0 _a338 STA 1983 A089 Or.
100 1 _aAtkinson, Dorothy,
245 1 4 _aThe end of the Russian land commune, 1905-1930 /
260 _aStanford, Calif. :
_bStanford University Press,
_c1983.
300 _axii, 457 p. ;
_c24 cm.
500 _aIncludes index.
650 0 _aCollective farms
650 0 _aState farms
650 0 _aAgriculture and state
942 _cEK
999 _c16288
_d16288